Giáo trình thuế : (Lý thuyết, bài tập và bài giải)

Giáo trình được thiết kế theo chương trình khung của Bộ giáo dục và đào tạo, cập nhạt những kiến thức mới từ các luật thuế do Quốc hội nước Cộng hòa xã hội chủ nghĩa Việt Nam ban hành và các văn bản hướng dẫn của Chính phủ....

Cur síos iomlán

Đã lưu trong:
Sonraí Bibleagrafaíochta
Príomhúdar: Phan, Thị Cúc
Formáid: Leabhar
Teanga:Undetermined
Foilsithe: Hà Nội Thống kê 2007
Ábhair:
Clibeanna: Cuir Clib Leis
Gan Chlibeanna, Bí ar an gcéad duine leis an taifead seo a chlibeáil!
Thư viện lưu trữ: Trung tâm Học liệu Trường Đại học Cần Thơ
LEADER 01002nam a2200217Ia 4500
001 CTU_150227
008 210402s9999 xx 000 0 und d
020 |c 98000 
082 |a 336.2076 
082 |b C506 
100 |a Phan, Thị Cúc 
245 0 |a Giáo trình thuế : 
245 0 |b (Lý thuyết, bài tập và bài giải) 
245 0 |c Phan Thị Cúc, Trần Phước, Nguyễn Thị Mỹ Linh 
260 |a Hà Nội 
260 |b Thống kê 
260 |c 2007 
520 |a Giáo trình được thiết kế theo chương trình khung của Bộ giáo dục và đào tạo, cập nhạt những kiến thức mới từ các luật thuế do Quốc hội nước Cộng hòa xã hội chủ nghĩa Việt Nam ban hành và các văn bản hướng dẫn của Chính phủ. 
650 |a Taxation,Thuế 
904 |i Trọng Hải 
980 |a Trung tâm Học liệu Trường Đại học Cần Thơ